000 00400nam a22001697a 4500
003 CEME
005 20210628203956.0
008 210315b xxu||||| |||| 00| 0 eng d
020 _a0-8306-4295-1
040 _c.
082 _a621.388 PRE'H
100 _aPrentiss, Stan
_968100
245 _aHdtv high definition television
260 _aNEWYORK
_bTAB
_c1994
300 _a322P
942 _cBK
_2ddc
999 _c575746
_d575746